000 01482nam a2200433 i 4500
001 29906
003 KOSZ 005
005 20200721141626.0
008 970510s1992 pl a f |000 0 pol
015 _aUWD 1993/960
020 _a8385524029
035 _a991000822619705066
035 _a(PL-WaBN)b10257822-48omnis_nlop
035 _ab10257822
035 _a(OCoLC)69454384
035 _a(PL)b0000001025782
035 _a(EXLNZ-48OMNIS_NETWORK)9910460702405606
040 _aWA N
_cWA N
_dKOSZ 005/EG
080 _a001.891:62
245 0 0 _aTechniczne determinanty rozwoju nauki /
_cpod red. Danuty Sobczyńskiej i Antoniego Szczucińskiego.
260 _aPoznań :
_bWielkopolska Agencja Wydawnicza,
_c1992.
300 _a161 s. :
_b1 portr. ;
_c24 cm.
336 _aTekst
_btxt
_2rdacontent
337 _aBez urządzenia pośredniczącego
_bn
_2rdamedia
338 _aWolumin
_bnc
_2rdacarrier
380 _aKsiążki
388 _a1901-2000
388 _a1989-2000
600 1 7 _aSzymański, Jerzy
_d(1926- )
_2DBN
650 7 _aNauka
_2DBN
650 7 _aTechnika
_2DBN
658 _aNauka i badania
700 1 _aSobczyńska, Danuta
_d(1949- )
_eRedakcja
700 1 _aSzczuciński, Antoni
_eRedakcja
710 _aWielkopolska Agencja Wydawnicza
_4pbl
856 _uhttp://koha.tu.koszalin.pl/cgi-bin/koha/opac-detail.pl?biblionumber=29906
_yKatalog online BPK
942 _2UKD
_cKS
999 _c29906
_d29906